03110cam a22003618i 4500999001700000001000900017003000900026005001700035008004100052020003800093040004600131043001200177082002400189100004200213245007900255264009500334300002700429336002600456337002800482338002700510490001700537504005100554505053200605520113501137650004502272653002502317655002402342700003002366776013902396906004502535942001202580952015602592 c28097d2806820936560EG-ScBUE20200215115248.0190411s2020 enk f b 001 0 eng d a9781138583528 (pbk. : alk. paper) aLBSOR/DLCbengerdacLBSORdDLCdEG-ScBUE ae-uk---04a070.449796bBRA2221 aBradshaw, Tom,d1979-eauthor.93674610aSports journalism :bthe state of play /cTom Bradshaw and Daragh Minogue. 1aMilton Park, Abingdon, Oxon ;aNew York, NY :bRoutledge, Taylor and Francis Group,c2020. ax,190 pages ;c 24 cm. atext2rdacontentbtxt aunmediated2rdamediabn avolume2rdacarrierbnc0 aMedia skills aIncludes bibliographical references and index.0 aThe changing role of the sports journalist -- The history of sports journalism: continuity and discontinuity -- Sports journalism, nationalism and politics -- Defining sports news -- Ethics, regulation and law for the sports journalist -- Sports media relations and complicit sports journalism -- Racism, representation and the sports media -- Female sports journalists and coverage of women's sport -- LGBT, disability sport and inclusive sports journalism -- Extra time: a tentative look into the future of sports journalism. a"Based on interviews with leading sports journalists and grounded in the authors' experience and expertise in the sports journalism industry and sports media research, Sports Journalism gives in-depth insight into the editorial and ethical challenges facing sports journalists in a fast-changing media environment. The book considers how sport journalism's past has shaped its present and explores the future trends and trajectories that the industry could take. The far-reaching consequences of the digital revolution and social media on sports journalists' work are analysed, with prominent sports writers, broadcasters and academics giving their insights. While predominantly focused on the UK sports media industry, the book also provides a global perspective, and includes case studies, research and interviews from around the world. Issues of diversity - or a lack of it - in the industry are put into sharp focus. Sports Journalism gives both practising sports journalists and aspiring sports journalists vital contextualising information to make them more thoughtful and reflective practitioners"--cProvided by publisher. 7aSports journalismzGreat Britain.2BUEsh bCOMAMEcFebruary2020 vReading book9342321 aMinogue, Daragh,eauthor.08iOnline version:aBradshaw, Tom, 1979- author.tSports journalismdLondon ; New York : Routledge, 2019z9780429505409w(DLC) 2019019028 a7bcbccorignewd1eecipf20gy-gencatlg 2ddccBB 00102ddc40708AlahramaMAINbMAINcLOWd2020-02-15ePurchaseg550.00h487l0o070.449796 BRAp000048667r2025-07-15 00:00:00v687.50w2020-02-15yBB